TENWEK HOSP HOME | SOC  | ASK A LIBRARIANSTAFF LOGIN  |  DIGITAL REPOSITORYe-BOOK PORTAL  |  OFF-CAMPUS PORTAL  |  DONATE

A slow and certain light; (Record no. 761)

MARC details
000 -LEADER
fixed length control field 00763cam a2200253 4500
001 - CONTROL NUMBER
control field 4560978
003 - CONTROL NUMBER IDENTIFIER
control field Ke-BoTe
005 - DATE AND TIME OF LATEST TRANSACTION
control field 20211221112514.0
008 - FIXED-LENGTH DATA ELEMENTS--GENERAL INFORMATION
fixed length control field 730822s1973 txu b 000 0 eng
010 ## - LIBRARY OF CONGRESS CONTROL NUMBER
LC control number 73076252
040 ## - CATALOGING SOURCE
Original cataloging agency DLC
Transcribing agency DLC
Modifying agency DLC
050 00 - LIBRARY OF CONGRESS CALL NUMBER
Classification number BV4501.2
Item number .E374 1973
082 00 - DEWEY DECIMAL CLASSIFICATION NUMBER
Classification number 248/.4
100 1# - MAIN ENTRY--PERSONAL NAME
Personal name Elliot, Elisabeth.
9 (RLIN) 1273
245 12 - TITLE STATEMENT
Title A slow and certain light;
Remainder of title some thoughts on the guidance of God.
260 ## - PUBLICATION, DISTRIBUTION, ETC.
Place of publication, distribution, etc. Waco, Tex. :
Name of publisher, distributor, etc. Word Books,
Date of publication, distribution, etc. [1973]
300 ## - PHYSICAL DESCRIPTION
Extent 122 p. ;
Dimensions 22 cm.
350 ## - PRICE (NR) (BK AM CF MU VM SE) [OBSOLETE]
Price $3.95
504 ## - BIBLIOGRAPHY, ETC. NOTE
Bibliography, etc. note Includes bibliographical references.
650 #0 - SUBJECT ADDED ENTRY--TOPICAL TERM
Topical term or geographic name entry element Christian life.
9 (RLIN) 100
650 #0 - SUBJECT ADDED ENTRY--TOPICAL TERM
Topical term or geographic name entry element Providence and government of God
General subdivision Christianity.
9 (RLIN) 1554
906 ## - LOCAL DATA ELEMENT F, LDF (RLIN)
a 7
b cbc
c orignew
d 3
e opcn
f 19
g y-gencatlg
942 ## - ADDED ENTRY ELEMENTS (KOHA)
Source of classification or shelving scheme Library of Congress Classification
Koha item type Books
Suppress in OPAC No
Holdings
Withdrawn status Lost status Source of classification or shelving scheme Damaged status Not for loan Collection code Home library Current library Shelving location Date acquired Total Checkouts Full call number Barcode Date last seen Price effective from Koha item type
    Library of Congress Classification     Non-fiction SCHOOL OF CHAPLAINCY SCHOOL OF CHAPLAINCY General Stacks 21.12.2021   BV4501.2.E374 1973 3212212021 21.12.2021 21.12.2021 Books